zpět

Detail výsledku týmu

Koruna, Břeclav

Datum a čas kvízu

25 Celkem bodů Celkový počet nahraných bodů na tomto kvízu bez doplňovacích otázek.
7. Pořadí na kvízu Konečné umístění týmu na tomto kvízu.

Zaznamenané odpovědi

# Otázka Odpověď Body Výsledky
1. V pražském obchodním domě Máj... (lidskou) kostru 0
2. Francouzský europoslanec Rapha... socha Svobody 1
3. Minulý týden jsme se dozvěděli... o akvadukt 0
4. Americká společnost Alphabet,... Wiz 0
5. Jak se jmenuje vítěz ankety Fo... Tomáš Souček; West Ham (United) 1
6. Podíváme se na temné stránky d... A) Diviš Bořek z Miletínka 0
7. Doba pobělohorská znamenala zá... Obnovené zřízení zemské 0
8. První světová válka znamenala... Osmanská říše 0
9. V období tzv. Protektorátu se... Josef Balabán, Josef Mašín, Václav Morávek 0
10. Seřaďte tyto komunistické prez... 1D 2A 3B 4C 0